000 01028nmm a2200325 a 4500
001 ocm0002146869
003 TR-IsHL
005 20201028184027.0
008 190502s2019 tu tur
007 cr cn
020 _a9786057557704
035 _a2146869
_b(N$T)
050 0 4 _aB3216.C33
_bA9 2019
090 0 4 _aB3216.C33
_bA9 2019
100 1 _aAvcı, Mahmut
245 1 0 _aErnst Cassirer'de kültür felsefesinin temellendirilmesi
_h[electronic resource] /
_cMahmut Avcı
250 _a1. Baskı
260 _aKonya :
_bEğitim Yayınevi,
_c2019
300 _a199 p.
500 _aDizin ve Kaynakça var
650 4 _aEğitim
650 4 _aEducation
650 0 _aCassirer, Ernst, 1874-1945
650 0 _aKültür
_x Felsefe
650 0 _aCultural philosophy
650 0 _aUygarlık
_x Felsefe
650 0 _aCivilization
_x Philosophy
650 7 _aPHILOSOPHY / Movements / General
_2bisacsh
856 4 0 _uhttp://search.ebscohost.com/login.aspx?direct=true&scope=site&db=e011xww&AN=2146869
999 _c20812
_d20812